000 00917nam a2200265 i 4500
001 bg
100 1 _aŻELAZNA, Krystyna
245 1 0 _aEkonomika konsumpcji :
_belementy teorii /
_cKrystyna Żelazna, Iwona Kowalczuk, Beata Mikuta ; red. nauk. Krystyna Żelazna.
260 _aWarszawa :
_bWydaw. SGGW [Szkoły Głównej Gospodarstwa Wiejskiego],
_c2002.
300 _a229 s. ;
_c24 cm.
504 _aBibliogr.
650 9 _aKonsumenci (ekon.)
650 9 _aSpożycie
_xekonomika
655 _aPodręczniki akademickie
700 1 _aKOWALCZUK, Iwona
700 1 _aMikuta, Beata
020 _a837244370X
040 _cBPK
041 0 _apol
080 _a330.567.2:336](075.8)
920 _a83-7244-370-X
942 _cKS
008 s pl f |000 0 pol
999 _c43190
_d43190
856 _uhttp://koha.tu.koszalin.pl/cgi-bin/koha/opac-detail.pl?biblionumber=43190
_yKatalog online BPK